| 000 | 00910nam a2200277Ia 4500 | ||
|---|---|---|---|
| 003 | OSt | ||
| 005 | 20220918163751.0 | ||
| 006 | a|||||r|||| 00| 0 | ||
| 007 | ta | ||
| 008 | 220917b |||||||| |||| 00| 0 eng d | ||
| 020 | _a026270059X (pbk) | ||
| 024 | _a232,582 | ||
| 037 |
_b165, 16/10/2007, Bharatiya Sahitya Bhavana _cTextual |
||
| 040 |
_aARTS _cARTS _beng |
||
| 041 |
_2eng _aeng |
||
| 082 | _aS13:43, N6 | ||
| 100 |
_aThelen Esther _915206 |
||
| 245 | 0 | _aDynamic systems approach to the development of cognition and action | |
| 260 |
_aLondon _bThe MIT Press U.K. _c1996 |
||
| 300 |
_axiii,369p. _ccm. |
||
| 490 | _aMIT press/bradford books series in cognitive psychology | ||
| 650 | _aPSYCHOLOGY | ||
| 700 |
_a Smith Linda B. _915207 |
||
| 942 |
_hS13:43, N6 _cTEXL _2CC |
||
| 999 |
_c121366 _d121366 |
||